000 00569nam a2200193Ia 4500
003 GCL
008 140319s9999 xx 000 0 ara d
020 _a4056329957
040 _aGCL /
_cGCL
082 0 4 _a225.2
_bع ا
245 1 0 _aالاعجاز اللغوى فى آيات الصيام
250 _aالاولى
260 _aالاردن :
_bدار الحامد للنشر والتوزيع ،
_c2004
300 _a83 ص ؛
_c24 سم
650 0 4 _aالصوم
650 0 4 _aالقران - اعجاز
650 0 4 _aالقران - الفاظ
942 _2ddc
_cBK
999 _c50024
_d50024